The sciences of the artificial
Αποθηκεύτηκε σε:
| Κύριος συγγραφέας: | |
|---|---|
| Μορφή: | Βιβλίο |
| Γλώσσα: | English |
| Δημοσίευση: |
Cambridge, Mass. :
MIT Press,
1990
|
| Έκδοση: | 2d ed., rev. and enl |
| Θέματα: | |
| Ετικέτες: |
Προσθήκη ετικέτας
Δεν υπάρχουν, Καταχωρήστε ετικέτα πρώτοι!
|
MARC
| LEADER | 00000cam a2200000 i 4500 | ||
|---|---|---|---|
| 001 | 1/29093 | ||
| 008 | 941103s1990 eng d | ||
| 020 | |a 0262191938 | ||
| 020 | |a 026269073X | ||
| 035 | |l 10038236 | ||
| 035 | |a 1991 |c ΤΣΙΒΑΚΟΥ | ||
| 040 | |a GR-MY-UA |b gre |e aacr | ||
| 041 | 0 | |a eng | |
| 082 | 0 | |a 300.11 | |
| 100 | 1 | |a Simon, Herbert A. |q (Simon Alexander), |d 1916-2001. | |
| 245 | 1 | 4 | |a The sciences of the artificial / |c Herbert A. Simon |
| 250 | |a 2d ed., rev. and enl | ||
| 260 | |a Cambridge, Mass. : |b MIT Press, |c 1990 | ||
| 300 | |a xiii, 247 p.; |b ill.; |c 20 cm | ||
| 504 | |a Includes bibliographical references and indexes | ||
| 650 | 0 | 0 | |a Science |x Philosophy. |
| 852 | |a INST |b SAMOS |e 19941103 |h 300.11 SIM |p 005300003436 |q 005300003436 |t BK |y 0 | ||
| 909 | |a Σ |b 021106 | ||